Name P1Harmony - Statistics

General Stats
  • This quiz has been taken 423 times
  • The average score is 6 of 6
Answer Stats
Member Answer % Correct
1 Keeho
99%
5 Soul
96%
3 Intak
94%
4 Jiung
91%
2 Theo
89%
6 Jongseob
85%
No matching quizzes found
Score Distribution
Percent of People with Each Score
Percentile by Number Answered
Your Score History
You have not taken this quiz